000 00350nam a2200109Ia 4500
008 171204s9999 xx 000 0 und d
245 _aSchooling in Modernity: The Politics of Sponsored Films in Postwar Italy:
245 _cPaola Bonifazio
260 _c2014
650 _xINTRODUCTION TO FILM
856 _uhttp://down.ebook777.com/051/1442615982.pdf
999 _c346108
_d346108